• 首页
  • 本馆介绍
  • 公告通知
  • 最新文献
  • 馆藏检索
  • 电子资源
  • 读者导购
  • 参考咨询
  • 我的图书馆
  • 登录
  • 详细信息显示
  • 放入我的书架
  • 预约/预借图书
  • 作者相关作品
  • 分类相关作品
  • 丛书相关作品
  • 出版社相关作品

书目信息

  • 表格格式
  • 工作单格式
  • 卡片格式
题名:
百分百全图揭秘电动自行车速修技法:双色板
    
 
作者: 韩雪涛
分册:  
出版信息: 北京   化学工业出版社  2016.01
页数: 253页
开本: 26cm
丛书名:
单 册:
中图分类: U484.07
科图分类:
主题词: 道路--运输--工具
电子资源:
ISBN: 978-7-122-23566-4
000 00664nam0 2200205 450
001 3626
005 20160927091501.57
010    @a978-7-122-23566-4@b平装@dCNY49.00
100    @a20151001d2016 km y0chiy0120 ea
101 0  @achi
102    @aCN@b110000
200 1  @a百分百全图揭秘电动自行车速修技法:双色板@Abai fen bai quan tu jie mi dian dong zi xing che su xiu ji fa:shuang se ban@f韩雪涛@Fhan xue tao
210    @a北京@c化学工业出版社@d2016.01
215    @a253页@d26cm
330    @a电动自行车·维修
606 0  @a道路@x运输@x工具
690    @aU484.07@v4
701  0 @a韩雪涛@Ahan xue tao
801  0 @aCN@b唐山师范学院图书馆@c20151001
905    @aZUCC@dU484.07@e334
    
    百分百全图揭秘电动自行车速修技法:双色板/韩雪涛.-北京:化学工业出版社,2016.01
    253页;26cm
    
    
    ISBN 978-7-122-23566-4(平装):CNY49.00
    电动自行车·维修
●
相关链接 在E读中查询图书 在五车中查询图书 在当当中查询图书 在豆瓣中查询图书


正题名:百分百全图揭秘电动自行车速修技法:双色板     索取号:U484.07/334         预约/预借

序号 登录号 条形码 馆藏地/架位号 状态 备注
1 906027   209060273   第二样本阅览室/ [索取号:U484.07/334] 在馆    
2 906028   209060282   第三借阅区/ [索取号:U484.07/334] 在馆    
3 906029   209060291   第三借阅区/ [索取号:U484.07/334] 在馆    
4 906030   209060308   第三借阅区/ [索取号:U484.07/334] 在馆    
5 906031   209060317   第三借阅区/ [索取号:U484.07/334] 在馆    
唐山师范学院图书馆 欢迎您!
大连网信软件有限公司© 版权所有